| 000 | 00828nam a22002297a 4500 | ||
|---|---|---|---|
| 005 | 20180507103536.0 | ||
| 010 | _aENG-122893 | ||
| 020 |
_a9789385926785 _c500.00 |
||
| 035 | _aEN-106425 | ||
| 037 | _bDBAD/PUB. | ||
| 082 | _a515.35 | ||
| 245 |
_aProceedings of the national seminar on recent advances in differential equations & its applications: _ced. by K.S. Lakshmi; J. Sathya Priya; Sujatha Seshadri [and] R.Om Gayathri _b(DEAPP 2017) / |
||
| 260 |
_aNew Delhi _bAllied Publishers Private _c2017 |
||
| 270 |
_a1/13-14 Asaf Ali Road , _bNew Delhi _e110002 |
||
| 300 |
_axxv, 165p. _c24cm (pbk) _bill. |
||
| 500 | _aIt include author index | ||
| 700 | _aLakshmi, K.S. | ||
| 700 | _aJ. Sathya Priya | ||
| 700 | _aSeshadri, Sujatha | ||
| 700 | _aR.Om Gayathri | ||
| 942 |
_2ddc _cEN _h515.35 _mPRO |
||
| 999 |
_c151898 _d151898 |
||